TV roles of Patrick Warburton - Statistics

General Stats
  • This quiz has been taken 43 times
    10 since last reset
  • The average score is 2 of 28
Answer Stats
Character Network # of episodes Show % Correct
Lemony Snicket Netflix 25 A Series of Unfortunate Events
43%
Jeff Bingham CBS 100 Rules of Engagement
43%
Joe Swanson Fox 441 Family Guy
29%
Sheriff Bronson Stone Cartoon Network 34 Scooby Doo! Mystery Incorporated
29%
Grandpa Shark Nickelodeon 20 Baby Shark's Big Show!
14%
(Title character) UPN 62 Buzz Lightyear of Star Command
14%
David Puddy NBC 10 Seinfeld
14%
(Title character) Fox 9 The Tick
14%
Brock Samson Adult Swim 71 The Venture Bros.
14%
Nick Sharpe ABC 3 8 Simple Rules for Dating My Teenage Daughter
0%
Gen. Rick Stoner ABC 4 Agents of S.H.I.E.L.D.
0%
Rip Riley FX 3 Archer
0%
Mike Moore NBC 13 Crowded
0%
Eric CBS 34 Dave's World
0%
Craig CBS 3 Designing Women
0%
Jack ABC 3 Ellen
0%
Rip Smashenburn UPN 6 Game Over
0%
Steve Barkin Disney Channel 35 Kim Possible
0%
Jeb Denton ABC 49 Less Than Perfect
0%
Rick Montana Comedy Central 3 Lights Out with David Spade
0%
Johnny Jonson NBC 5 NewsRadio
0%
Captain Dog Disney Junior 12 Puppy Dog Pals
0%
Gov. Mark Bennett Crackle 12 Sequestered
0%
Gen. Dabney Shramm, USMC Netflix 4 Space Force
0%
Lok Nickelodeon 15 Tak and the Power of Juju
0%
Kronk Disney Channel 52 The Emperor's New School
0%
Mr. X Nickelodeon 20 The X's
0%
Cop Comedy Central 4 TripTank
0%
No matching quizzes found
Score Distribution
Percent of People with Each Score
Percentile by Number Answered
Your Score History
You have not taken this quiz since the last reset